Principles of powerful living : principles of powerful living is a powerful course in becoming the person you wish to be

Bibliographic Details
Main Author: Rubino, Joe
Format: Book
Published: KL : Synergy Media , [s.n]
Subjects:

MARC

LEADER 00000cam a2200000 7i4500
001 0000035339
005 20130205.0
008 130205
020 |a 9673221073 
090 0 0 |a 158.1   |b RUB 
100 1 |a Rubino, Joe 
245 1 0 |a Principles of powerful living :   |b principles of powerful living is a powerful course in becoming the person you wish to be   |c Joe Rubino 
260 |a KL :   |b Synergy Media ,   |c [s.n] 
650 0 |a Self-realization 
650 0 |a Success psychological aspects 
999 |a 0001153346   |b Book   |c Adult Collection   |e Perbadanan Perpustakaan Awam Johor 
999 |a 0001153347   |b Book   |c Adult Collection   |e Perbadanan Perpustakaan Awam Johor 
999 |a 0001153348   |b Book   |c Adult Collection   |e Perbadanan Perpustakaan Awam Johor 
999 |a 0001153349   |b Book   |c Adult Collection   |e Perbadanan Perpustakaan Awam Johor